| 000 | 00701cam a22002411 4500 | ||
|---|---|---|---|
| 001 | 3228 | ||
| 003 | BD-RjUL | ||
| 005 | 20211208233710.0 | ||
| 008 | 131218s1926 enk 000 0 eng | ||
| 035 | _a(BD-RjUL) | ||
| 035 | _a(OCoLC)4728495 | ||
| 040 |
_aDLC _cLU _dDLC _dBD-RjUL _beng |
||
| 041 | _aeng | ||
| 082 | 0 | 4 |
_219 _a332.10941 _bSYA 1926 |
| 100 | 1 |
_aSykes, Joseph. _910204 |
|
| 245 | 1 | 4 |
_aThe amalgamation movement in English banking, 1825-1924 / _cby Joseph Sykes . |
| 260 |
_aLondon, _bP.S. King & son, ltd., _c1926. |
||
| 300 |
_axi, 231 p. ; _c22 cm. |
||
| 650 | 0 |
_aBanks and banking _zGreat Britain _xHistory. _910205 |
|
| 942 |
_2ddc _cBK |
||
| 999 |
_c3228 _d3228 |
||